00000000nam##2200000za#4500
0019.610805
003CaOODSP
00520200327120853
007ta
008150406|1993||||xxc|||||     f|0| 0 eng|d
022 |a0706-6457
040 |aCaOODSP|beng
043 |an-cn---
0861 |aFs97-6/1923E
1101 |aCanada. |bDepartment of Fisheries and Oceans.
24514|aThe Walrus International Technical and Scientific Committee's bibliography on Walrus, Odebenus rosmarus (L.), to January, 1993 / |cEdited by B. E. Stewart.
260 |aOttawa - Ontario : |bFisheries and Oceans Canada |c1993.
300 |a191p. : |breferences ; |c28 cm.
4901 |aCanadian technical report of fisheries and aquatic sciences|x0706-6457|v1923
500 |aPrepared in the Central and Arctic Region, Department of Fisheries and Oceans, Winnipeg, Manitoba R3T 2N6.
546 |aRésumés en français
563 |aSoftcover
69007|aAnimals|2gcpds
69007|aFisheries|2gcpds
7201 |aStewart, B. E.
7760#|tThe Walrus International Technical and Scientific Committee's bibliography on walrus, Odobenus rosmarus (L.), to January, 1993 / |w(CaOODSP)9.573848
830#0|aCanadian technical report of fisheries and aquatic sciences,|x0706-6457|v1923|w(CaOODSP)9.514691